000 00862nam a22002417a 4500
001 48371
003 UA-OsUOA
005 20230915151357.0
007 ta
008 20070904b un ||||| |||| 00| 0 ukr d
040 _aUA-OsUOA
_brus
_cUA-OsUOA
_dUA-OsUOA
041 _arus
080 _a025.32
090 _a025.32
_bН62
100 _aНикифоровская Н. А.
245 _aБиблиографическое описание: вопросы теории, истории и методики
_cН. А. Никифоровская ; под ред. Г. Г. Фирсова
260 _aЛенинград
_bНаука
_c1978
300 _a150 с.
650 7 _a01 Бібліографія і бібліографії. Каталоги
_2UDC
942 _cBK
_2udc
955 _a1
999 _c575119
_d575119